" दानपसावो (ज्ञानेश्र्वरीतील दृष्टांचाते आगळे कथा रुप)""" (Record no. 140441)

MARC details
000 -LEADER
fixed length control field 00856nam a2200181Ia 4500
008 - FIXED-LENGTH DATA ELEMENTS--GENERAL INFORMATION
fixed length control field 090124s9999 xx 000 0 und d
082 ## - DEWEY DECIMAL CLASSIFICATION NUMBER
Item number 26971
Classification number 6928
100 ## - MAIN ENTRY--PERSONAL NAME
Personal name चोरघडे वामन
245 ## - TITLE STATEMENT
Title " दानपसावो (ज्ञानेश्र्वरीतील दृष्टांचाते आगळे कथा रुप)"""
250 ## - EDITION STATEMENT
Edition statement 1
260 ## - PUBLICATION, DISTRIBUTION, ETC. (IMPRINT)
Date of publication, distribution, etc 1992
300 ## - PHYSICAL DESCRIPTION
Extent 72
600 ## - SUBJECT ADDED ENTRY--PERSONAL NAME
Personal name चोरघडे वामन
630 ## - SUBJECT ADDED ENTRY--UNIFORM TITLE
Uniform title " दानपसावो (ज्ञानेश्र्वरीतील दृष्टांचाते आगळे कथा रुप)"""
700 ## - ADDED ENTRY--PERSONAL NAME
Personal name चोरघडे वामन
730 ## - ADDED ENTRY--UNIFORM TITLE
Uniform title " दानपसावो (ज्ञानेश्र्वरीतील दृष्टांचाते आगळे कथा रुप)"""
942 ## - ADDED ENTRY ELEMENTS (KOHA)
Koha item type Book
Holdings
Withdrawn status Lost status Damaged status Not for loan Home library Current library Date acquired Cost, normal purchase price Total Checkouts Full call number Barcode Date last seen Cost, replacement price Price effective from Koha item type
        Marathi Granth Sangrahalaya,Thane Marathi Granth Sangrahalaya,Thane   15.00   26971 THNMGS-26971 01/24/2009 15.00 01/24/2009 Book